000 00656nam a2200217 i 4500
001 135920
003 ES-MaACL
005 20251013210530.0
007 t|
008 070214s1971 sp r ||||1| spa d
100 1 _aRousselot, Jean.
_9100079
245 1 3 _aLa mujer en el arte /
_cJean Rousselot ; prefacio de Jean Cassou.
260 _aBarcelona :
_bArgos,
_c1971.
300 _a335 p., 45 lám. :
_bil. ;
_c32 cm.
490 1 _aLas fuentes del arte
650 4 _aMujeres-
_xEn el arte.
_9146791
700 0 _aCassou, Jean,
_d1897-1986
_936378
830 0 _aLas fuentes del arte
_9187025
852 _aES-MaACL
_jC-41255
999 _c135920
_d135920